000 00592nam a2200181Ia 4500
003 GCL
008 140319s9999 xx 000 0 ara d
040 _aGCL /
_cGCL
082 0 4 _a001.64
_bس ك
100 1 _aسامى كاظم حسن الرماحى
245 1 0 _aالكمبيوتر فى المدارس: الحاسبات الالكترونية /
_cسامى كاظم حسن الرماحى
260 _a[S.N] :
_bدار الراتب الجامعية
300 _a433 ص
490 _a
650 0 4 _aالحاسبات الالكترونية
650 0 4 _aالمدارس
942 _2ddc
_cBK
999 _c49290
_d49290